000 00343nam a2200145Ia 4500
005 20250424070743.0
008 240331s9999 xx 000 0 und d
082 _a300.1
_bSAM
100 _aSaminathasaram, V
245 0 _aManithan yar
260 _aAshok Nagar
_bSandhya Pathippagam
_c2002
300 _a64 p .,
650 _aEssays
942 _cL
999 _c984
_d984